Resonance/ (Record no. 11830)

MARC details
000 -LEADER
fixed length control field 00685nam a22002177a 4500
005 - DATE AND TIME OF LATEST TRANSACTION
control field 20240520071648.0
008 - FIXED-LENGTH DATA ELEMENTS--GENERAL INFORMATION
fixed length control field 240520b |||||||| |||| 00| 0 eng d
020 ## - INTERNATIONAL STANDARD BOOK NUMBER
International Standard Book Number 9789387494022
040 ## - CATALOGING SOURCE
Original cataloging agency IN-DiNC
Transcribing agency IN-DiNC
041 ## - LANGUAGE CODE
Language code of sung or spoken text English
082 ## - DEWEY DECIMAL CLASSIFICATION NUMBER
Classification number 891.451
Item number RES
245 ## - TITLE STATEMENT
Title Resonance/
Statement of responsibility, etc. ed. by Dharmendra Upadhyaya, Dikshita Bhuyan and Trinayan Dutta
260 ## - PUBLICATION, DISTRIBUTION, ETC.
Place of publication, distribution, etc. Guwahati:
Name of publisher, distributor, etc. Assam College Teachers Association,
Date of publication, distribution, etc. 2018.
300 ## - PHYSICAL DESCRIPTION
Extent 372p.
650 ## - SUBJECT ADDED ENTRY--TOPICAL TERM
Topical term or geographic name entry element Articles on multidisciplinary themes of Assamese literature
650 ## - SUBJECT ADDED ENTRY--TOPICAL TERM
Topical term or geographic name entry element Anuranan
700 ## - ADDED ENTRY--PERSONAL NAME
Personal name Upadhyaya, Dharmendra
Relator term Editor
700 ## - ADDED ENTRY--PERSONAL NAME
Personal name Bhuyan, Dikshita
Relator term Editor
700 ## - ADDED ENTRY--PERSONAL NAME
Personal name Dutta, Trinayan
Relator term Editor
942 ## - ADDED ENTRY ELEMENTS (KOHA)
Source of classification or shelving scheme Dewey Decimal Classification
Koha item type Books
Holdings
Withdrawn status Lost status Source of classification or shelving scheme Damaged status Not for loan Collection code Home library Current library Shelving location Date acquired Cost, normal purchase price Total Checkouts Full call number Barcode Date last seen Copy number Price effective from Koha item type
    Dewey Decimal Classification     Assamese Central Library, Naharkatiya College Central Library, Naharkatiya College General Stacks 20/05/2024 400.00   891.451 RES 26252 20/05/2024 1 20/05/2024 Books

Naharkatiya College © 2020. All rights reserved.

Powered By